Wielki quiz piłkarski dla sigm - Statystyki

Ogólne statystyki
  • Ten quiz został rozwiązany 44 razy
  • Średni wynik to 3 z 7
Statystyki odpowiedzi
Zagadnienie Odpowiedź % Poprawnych
Jak szybko padł najszybszy gol w historii Ekstraklasy? 11 sekund
63%
Jaki klub reprezentuje obecnie Isco? (Stan na 13.08.24r.) Real Betis
63%
Kto zdobył najwięcej bramek grając w Borussii Dortmund? Marco Reus
50%
Kto zdobył jedyną bramkę w finale Ligi Mistrzów 2020/21? Kai Havertz
38%
Kto został królem strzelców Serie A 23/24? Lautaro Martinez
38%
Który z wymienionych piłkarzy nie zdobył gola w finale Ligi Mistrzów 2017/18? Mohamed Salah
25%
Który z wymienionych piłkarzy jest obecnie najdroższy? (Stan na 13.08.24r.) Phil Foden
25%
Nie znaleziono quizów pasujących do podanych kryteriów
Rozkład punktacji
Procent ludzi z każdym wynikiem
Percentyl według liczby udzielonych odpowiedzi
Twoja historia wyników
Nie rozwiązałeś tego quizu